Statistics for Pokemon Beginning with A

Click here to take the quiz!

General Stats

  • This quiz has been taken 70 times
  • The average score is 21 of 31

Answer Stats

GenTypeAnswer% Correct
PsychicAbra
98%
PsychicAlakazam
95%
Ice/FlyingArticuno
93%
FireArcanine
91%
1PoisonArbok
88%
Rock/FlyingAerodactyl
86%
Water/FairyAzumarill
79%
2Bug/PoisonAriados
74%
ElectricAmpharos
72%
Steel/RockAron
72%
Steel/RockAggron
70%
Dragon/FlyingAltaria
70%
3Normal/FairyAzurill
70%
Grass/IceAbomasnow
65%
NormalAipom
65%
Rock/BugAnorith
65%
Rock/BugArmaldo
65%
IceAvalugg
63%
4NormalAmbipom
60%
DragonAxew
60%
Rock/FlyingArcheops
58%
Rock/FlyingArchen
56%
Rock/IceAurorus
56%
DarkAbsol
53%
Grass/PoisonAmoonguss
53%
NormalArceus
53%
6Rock/IceAmaura
51%
NormalAudino
51%
BugAccelgor
42%
PsychicAzelf
42%
5WaterAlomomola
40%

Score Distribution

Percentile by Number Answered

Percent of People with Each Score

Your Score History

You have not taken this quiz